Normal view
MARC view
- Navires
Entry Topical Term
001 - CONTROL NUMBER
- control field: 43051
003 - CONTROL NUMBER IDENTIFIER
- control field: NUST
005 - DATE AND TIME OF LATEST TRANSACTION
- control field: 20210314132515.0
008 - FIXED-LENGTH DATA ELEMENTS
- fixed length control field: 210314|| aca||aabn | a|a d
040 ## - CATALOGING SOURCE
- Original cataloging agency: NUST
- Transcribing agency: NUST
150 ## - HEADING--TOPICAL TERM
- Topical term or geographic name entry element: Navires
670 ## - SOURCE DATA FOUND
- Source citation: Work cat.: (NUST): Parker, Earl R. 43046, Brittle behavior of engineering structures, [1957]
